00788nam a2200205 a 450000100100000000500170001000800410002704000250006808200160009324501650010926000650027430000270033949000340036650000260040070000280042670000300045470000360048470000280052083000340054800001561620240229073954.0100215s1979 dr 001 0 spa d aDO-SdBNPbspacBNPHU axxxxbC411p10aCerámica precolombina de Martiníca /cedición Ramón Ant. Núñez, José Chez Checo ; traducción María de Giubiley ; presentación Bernardo Vega. aSanto Domingo :bMuseo del Hombre Dominicano,c1979.fTaller a13 p. :bil. ;c21 cm.1 aCatálogo y memoriasvno. 10 aExposición temporal1 aNúñez, Ramón Ant.1 aGiubiley, María deetr.1 aChez Checo, José,d1949-eed.1 aVega, Bernardo,d1938 - 0aCatálogo y memoriasvno. 10